Statistics for Random game console quiz

Click here to take the quiz!

General Stats

  • This quiz has been taken 7 times
    (5 since last reset)
  • The average score is 19 of 50

Answer Stats

HintAnswer% Correct
2001Xbox
100%
2000PlayStation 2/PS2
80%
2005Xbox 360
80%
2016Xbox One X/S
80%
2020Xbox Series X/S
80%
1977Atari 2600
60%
2011Nintendo 3DS
60%
1994PlayStation 1/PS1
60%
2006PlayStation 3/PS3
60%
2013Playstation 4/PS4
60%
2020PlayStation 5/PS5
60%
2013Xbox One
60%
1982Atari 5200
40%
1986Atari 7800
40%
1989Game Boy
40%
1996Game Boy Pocket
40%
2013Nintendo 2DS
40%
2004Nintendo DS
40%
1983Nintendo Entertainment System/NES
40%
2017Nintendo Switch
40%
2019Nintendo Switch Lite
40%
2021Nintendo Switch OLED
40%
2009PlayStation Portable Go/PSP
40%
2004PlayStation Portable/PSP
40%
2012PlayStation Vita/PSVITA
40%
1995Satellaview
40%
1988Sega Genesis/Sega Mega Drive
40%
1985Sega Mark III/Sega Master System
40%
1994Sega Saturn
40%
1990Super Nintendo Entertainment System/SNES
40%
2006Wii
40%
2012Wii U
40%
1993Atari Jaguar
20%
1995Atari Jaguar CD
20%
1987Atari Lynx
20%
2001Game Boy Advance
20%
1998Game Boy Color
20%
1996Nintendo 64/N64
20%
2001Nintendo GameCube
20%
1994Sega 32X
20%
1991Sega CD/Mega CD
20%
1990Sega Game Gear
20%
1995Sega Nomad
20%
2021Steam Deck
20%
1987Atari XEGS
0%
1999Nintendo 64DD/N64DD
0%
2005Sega Advanced Pico Beena
0%
1998Sega Dreamcast
0%
1993Sega Pico
0%
1983Sega SG-1000
0%

Score Distribution

Percentile by Number Answered

Percent of People with Each Score

Your Score History

You have not taken this quiz since the last reset